000 00820nam a2200241 i 4500
001 56180
003 ES-MaACL
005 20250803063051.0
007 t|
008 031003s1982 pr ||||1| spa d
020 _a0-940238-42-X
100 1 _aDíaz Quiñones, Arcadio,
_d1940-
_944401
245 1 3 _aEl almuerzo en la hierba
_b: Lloréns Torres, Palés Matos, René Marqués /
_cArcadio Díaz Quiñones.
250 _a1ª ed
_bal cuidado de Carmen Rivera Izcoa.
260 _aRío Piedras (Puerto Rico) :
_bHuracán,
_c1982.
300 _a168 p. ;
_c20 cm.
490 1 _aLa nave y el puerto
500 _aDedicatoria autógrafa del autor.
700 1 _aRivera Izcoa, Carmen.
_997656
830 0 _aLa nave y el puerto
_9186447
852 _aES-MaACL
_jL-11158
_bR.112300
999 _c56180
_d56180